Регионална библиотека "Любен Каравелов" - Русе

Морские сказки (Запис номер 141751)

MARC детайли
000 -Лидер
Контролно поле с фиксирана дължина 01680nam a2200337 c 4500
003 - Код на организацията, давaща контролен номер
Контролно поле BLK
005 - Дата и час на последна редакция
Контролно поле 20221018150636.0
008 - Елементи от данни с фиксирана дължина
fixed length control field 180409b bul|||||r ||||||| ||bul||
010 ## - Наследен системен номер
LC control number KNG00147825000
040 ## - Източник на каталожния запис
Идентификатор на билиотеката - собственик на записа BLK
041 ## - Код за език
Код за езика на текст/звукозапис или на отделно заглавие Руски
Код за езика КДБФ Руски
080 ## - УДК
Текстов определител УДК Литература на отделни езици и езикови семейства
УДК код - определител по УДК 821
УДК определител -93-34
УДК - код + определител 821-93-34
080 ## - УДК
Текстов определител УДК Българска литература
УДК код - определител по УДК 821.163.2
УДК определител -93-34
УДК - код + определител 821.163.2-93-34
139 ## - Редно поле
Редна дума Морские сказки
Авторски знак Моро - М 90
245 10 - Сведения за заглавието
Заглавие Морские сказки
Подзаглавни данни Сб. приказки от цял свят : Т. 1 -
Редно поле (дума) состав. Чавдар Димитров Аладжов; пер. с болг. Валентин Арсеньев; ред. Раиса Андреева; худож. Борислав Стоев.
Том Т. 1
257 ## - Страна на издаване
Страна на създаване/издаване България
260 ## - Област на издателските данни
-- София
Име на издателя, разпространителя и проч. София-пресс
Година на издаване 1973 -
300 ## - Физическа характеристика
Размери/Мащаб 31 см
380 ## - Жанр
Жанр Детска худож. лит.
500 ## - Общи забележки
Забележка Ориг. загл. Морски приказки от цял свят. - Други прев. : Раиса Андреева, Лев Жанов, М. Салье.
700 1# - Други автори (авторска отговорност)
Лично име Аладжов, Чавдар Димитров
Автороска отговорност (Описва отношението между автора и произведението) состав.
9 (RLIN) 376513
700 1# - Други автори (авторска отговорност)
Лично име Арсеньев, Валентин Пантелеев
9 (RLIN) 379384
700 1# - Други автори (авторска отговорност)
Лично име Андреева, Раиса
Автороска отговорност (Описва отношението между автора и произведението) ред.
9 (RLIN) 379549
700 1# - Други автори (авторска отговорност)
Лично име Стоев, Борислав
Автороска отговорност (Описва отношението между автора и произведението) худож.
9 (RLIN) 372214
760 1# - Описание на основната серия
Място на издаване, издател и година 1973
Страници - том 111 с. : с ил.
Забележка - том 100 000 тир.
Заглавие Т. 1
852 ## - Местоположение
Форматна сигнатура Цб ІІ 18422
856 4# - Електронен адрес и достъп
Електронен формат pdf - файл
Път до файла /url/
856 4# - Електронен адрес и достъп
Електронен формат pdf - файл
Път до файла /url/
942 ## - АРТИКУЛИ
Вид на библиотечния материал Книги
Скрит в OPAC Не
944 ## - СЪЗДАВАНЕ И РЕДАКЦИЯ на ЗАПИСА
Създаване/Редакция Създаване
Дата на регистрацията/редакция 31.07.2013
Статус, дата на статуса 31.07.2013 - от С1,Р / 31.07.2013
Служител, извършил регистрацията/редакцията Айшегюл_Сабриева
944 ## - СЪЗДАВАНЕ И РЕДАКЦИЯ на ЗАПИСА
Създаване/Редакция Редакция
Дата на регистрацията/редакция 31.07.2013
Статус, дата на статуса 31.07.2013 - от С1,Р / 31.07.2013
Служител, извършил регистрацията/редакцията
999 ## - СИСТЕМНИ КОНТРОЛНИ НОМЕРА
Koha biblionumber 141751
Koha biblioitemnumber 141751
Наличности
Код за отписване Код за изгубен артикул Източник на класификационната схема Код за повреда Коз за рестрикции Код за отдаване Артикулен № Име на библиотеката - собственик Име на библиотеката, в която се намира в момента Статус (Текущо местоположение) Дата на вписване в системата Местоположение - отдел Цена в лева Инвентарен номер Систематично азбучна сигнатура Баркод Номер на екземпляра Цена в евро Служебна бележка Служебен тип на артикула
  Не е изгубен Universal Decimal Classification Не е повреден само за читалня ползва се в читалня 233776 Регионална библиотека "Любен Каравелов" Русе Регионална библиотека "Любен Каравелов" Русе Хранилище 1973-01-01 Хранилище 2.00 161739 Цб ІІ 18422 120000161739 1 1.02 Вид: Сф N: стар фонд Дата: 01.01.1973 Книги
Vip Innovations Ltd, Rousse, Bulgaria 2025